000 00800nam a22002297a 4500
999 _c20969
_d20969
003 AR-CdUCM
008 190610b ||||| |||| 00| 0 spa d
040 _aMUNICIPALIDAD PROVINCIAL DEL CUSCO
_cBIBLIOTECA MUNICIPAL DEL CUSCO
082 _a805 /
_bEN56
110 _aFabbri S.R.L.
_943711
245 _aFabulandia :
_bEnciclopedia de Fabula /
260 _aArgentina :
_bCodex S.A.,
_c1963.
300 _bIlusrtraciones,
_c32 cm.
440 _aFabulandia --
_n 4
_943753
500 _a4 tomos
505 _aContenido: t.4: El ganso -- El oso pardo-- La llama -- El lobo -- El cangrejo -- La gaviota -- Los herrerillos -- La marmota -- La cigueƱa -- Las ranas.
650 _aCuentos
_9217
650 _aFabulas
_94606
650 _aSiglo XX
_98
942 _2ddc
_cLIBROS
945 _aJavier